| 000 | 00357nam a22001457a 4500 | ||
|---|---|---|---|
| 003 | SGT | ||
| 082 |
_a617.643 _bE21S |
||
| 100 | _aSingh, Priyanka | ||
| 245 | _aEvaluation of the efficiency of Hematoxylin... | ||
| 260 |
_aGurugram, Haryana _bSGT University _c2021 |
||
| 300 | _a80 | ||
| 650 | _aOral Pathology | ||
| 653 | _aOral Pathology | ||
| 942 |
_2ddc _cTH |
||
| 999 |
_c23593 _d23593 |
||